00882nam a2200241 a 450000100100000000500170001000800410002704000250006808200170009310000390011024500770014926000620022630000280028850000350031665000470035165000420039870000400044070000310048070000330051170000410054470000380058599900170062300002081020200930011153.0100817s1974 dr 000 0 spa d aDO-SdBNPbspacBPJMB a372.7bC266m1 aCárdenas Trigos, Humberto94362910aMatemáticas :bsegundo grado /cHumberto Cárdenas Trigos...[et al.]. aMéxico :bConsejo Nacional de Fomento Educativo,c1974. a238 p. :bil. ;c27 cm. aSegundo grado , primera parte. 4aMatemáticasxEnseñanza básica943577 4aMatemáticasxLibros de texto9295731 aCuriel Ariza, Miguel Ángel9436301 aLluis Riera, Emilio9436311 aPeralta Corona, Fidel9436321 aTavera Guerrero, Cuauhtémoc9436331 aVillar Quijano, Elías V.943634 c20314d20314